[Event "4NCL Online Division 1"]
[Site "online"]
[Date "2020.04.21"]
[Round "3.92"]
[White "Berry, Neil"]
[Black "Wadsworth, Matthew J"]
[Result "0-1"]
[WhiteElo "2255"]
[BlackElo "2416"]
[PlyCount "118"]
[EventDate "2020.04.21"]
[WhiteTeam "Alba"]
[BlackTeam "Guildford Young Guns"]

1. d4 Nf6 2. c4 c5 3. d5 e6 4. Nc3 exd5 5. cxd5 d6 6. e4 g6 7. Nge2 Bg7 8. Ng3
a6 9. a4 Nbd7 10. Be2 h5 11. f3 h4 12. Nf1 Nh5 13. Be3 Qe7 14. Qd2 Ne5 15. g4
hxg3 16. hxg3 Bd7 17. g4 Nf6 18. Rxh8+ Bxh8 19. Bg5 Qf8 20. Ne3 Nh7 21. Bf4 Bf6
22. Nc4 Nxc4 23. Bxc4 g5 24. Bg3 Qh6 25. Qh2 Qxh2 26. Bxh2 Ke7 27. Ra3 Nf8 28.
Rb3 Ng6 29. Rxb7 Rh8 30. e5 Bxe5 31. Bxe5 Nxe5 32. Bxa6 Nxf3+ 33. Kf2 Ne5 34.
Be2 c4 35. Ne4 Ra8 36. Nc3 Kd8 37. Kg3 Ra5 38. Rb4 Rc5 39. Kh3 Kc7 40. Kg3 Bc8
41. Nb5+ Kd7 42. Nc3 Ba6 43. Rb6 Ra5 44. Ne4 Kc7 45. Rxd6 Rxa4 46. Rf6 Ra5 47.
Nc3 Bc8 48. Bf3 Ra1 49. d6+ Kd8 50. Bd5 Rg1+ 51. Kf2 Rxg4 52. Bxf7 Rf4+ 53.
Rxf4 gxf4 54. Bd5 Bg4 55. b3 Nd3+ 56. Kg2 cxb3 57. Bxb3 f3+ 58. Kg3 f2 59. Kg2
Bh3+ 0-1

[Event "4NCL Online Division 1"]
[Site "online"]
[Date "2020.04.21"]
[Round "3.93"]
[White "Stoyanov, Viktor"]
[Black "Grove, Michael"]
[Result "0-1"]
[WhiteElo "2240"]
[BlackElo "2119"]
[PlyCount "158"]
[EventDate "2020.04.21"]
[WhiteTeam "Guildford Young Guns"]
[BlackTeam "Alba"]

1. e4 e5 2. Nf3 Nc6 3. d4 exd4 4. Nxd4 Nf6 5. Nc3 Bb4 6. Nxc6 bxc6 7. Bd3 O-O
8. O-O Re8 9. Bg5 h6 10. Bh4 d6 11. f4 Bb7 12. Qf3 Qe7 13. Rae1 Bxc3 14. bxc3
c5 15. Qh3 Qe6 16. Qg3 Nxe4 17. Bxe4 Bxe4 18. f5 Qe5 19. Qg4 d5 20. Bg3 Qxc3
21. f6 Qd4+ 22. Bf2 Qxf6 23. Bg3 Qd4+ 24. Bf2 Qa4 25. Bxc5 Qxc2 26. Bd4 Bg6 27.
h4 Re4 28. Rxe4 Qxe4 29. Rf4 Qe1+ 30. Kh2 h5 31. Qg5 c6 32. Rf3 Re8 33. Bxa7
Re4 34. Bf2 Qa5 35. a3 Qc7+ 36. Bg3 Qe7 37. Qxe7 Rxe7 38. Rc3 Re6 39. Bf2 Re2
40. Kg1 Ra2 41. Rb3 Be4 42. Kf1 Kh7 43. g3 Kg6 44. Bd4 Bc2 45. Rc3 Ba4 46. Bc5
Bb5+ 47. Ke1 f6 48. Kd1 Kf5 49. Re3 g5 50. Rf3+ Kg6 51. Kc1 f5 52. hxg5 Kxg5
53. Rf4 Rg2 54. Be7+ Kg6 55. a4 Bc4 56. Bh4 Ra2 57. Rf3 Rxa4 58. Re3 d4 59. Re7
Bd5 60. Rd7 Be4 61. Rd6+ Kf7 62. Bd8 c5 63. Bb6 d3 64. Kd2 Ra2+ 65. Ke3 Re2+
66. Kf4 c4 67. Ba5 Ra2 68. Bc3 Rc2 69. Bb4 c3 70. Ke5 d2 71. Rd7+ Kg6 72. Bf8
h4 73. g4 fxg4 74. Rg7+ Kh5 75. Kf6 h3 76. Rg8 g3 77. Rg5+ Kh4 78. Bd6 h2 79.
Bxg3+ Kh3 0-1

[Event "4NCL Online Division 1"]
[Site "online"]
[Date "2020.04.21"]
[Round "3.94"]
[White "Grassie, Duncan"]
[Black "Price, Gwilym"]
[Result "0-1"]
[WhiteElo "2065"]
[BlackElo "2097"]
[PlyCount "60"]
[EventDate "2020.04.21"]
[WhiteTeam "Alba"]
[BlackTeam "Guildford Young Guns"]

1. d4 Nf6 2. Bg5 c5 3. Bxf6 gxf6 4. d5 Qb6 5. Qc1 f5 6. e3 Bg7 7. c3 Na6 8. Na3
Nc7 9. Nc4 Qf6 10. a4 Nxd5 11. g3 Nc7 12. Bg2 d5 13. Nd2 b6 14. Ne2 Bb7 15. Nf4
h5 16. h4 e5 17. Ne2 O-O-O 18. O-O Ne6 19. b4 a6 20. c4 d4 21. Nb3 e4 22. a5 d3
23. Nf4 Nxf4 24. exf4 cxb4 25. axb6 Qxb6 26. Ra4 Bc3 27. Bh3 d2 28. Bxf5+ Kb8
29. Qc2 e3 30. c5 Qc6 0-1

[Event "4NCL Online Division 1"]
[Site "online"]
[Date "2020.04.21"]
[Round "3.101"]
[White "Kwiatkowski, Feliks J"]
[Black "Hansen, Torbjorn Ringdal"]
[Result "0-1"]
[WhiteElo "2297"]
[BlackElo "2432"]
[PlyCount "100"]
[EventDate "2020.04.21"]
[WhiteTeam "King's Head"]
[BlackTeam "Battersea Horses"]

1. e4 c6 2. d4 d5 3. Nd2 dxe4 4. Nxe4 Nf6 5. Nxf6+ exf6 6. c3 Bd6 7. Bd3 O-O 8.
Ne2 Re8 9. Qc2 h5 10. O-O h4 11. h3 Nd7 12. Bf4 Nf8 13. Bxd6 Qxd6 14. Rfe1 Bd7
15. Rad1 Ne6 16. Qd2 Rad8 17. Bc2 Bc8 18. Qd3 Ng5 19. Nc1 g6 20. Qd2 Kg7 21. f4
Ne6 22. Nd3 b6 23. Qf2 Ba6 24. f5 Bxd3 25. Bxd3 Nf4 26. fxg6 fxg6 27. Qxh4
Rxe1+ 28. Qxe1 Rd7 29. Bf1 g5 30. Qf2 c5 31. Re1 cxd4 32. Qxd4 Nxh3+ 33. Kh1
Qc6 34. Qb4 Nf4 35. Re7+ Kg6 36. Rxd7 Qxd7 37. Qe4+ f5 38. Qa8 Qd1 39. Kg1 Qe1
40. Qc6+ Qe6 41. Qxe6+ Nxe6 42. g3 Kf6 43. Kf2 Nc5 44. c4 Ne4+ 45. Kg2 Ke5 46.
Kf3 Kd4 47. b3 a5 48. Be2 Nc3 49. a3 Nxe2 50. Kxe2 Kc3 0-1

[Event "4NCL Online Division 1"]
[Site "online"]
[Date "2020.04.21"]
[Round "3.102"]
[White "Thorfinnsson, Bragi"]
[Black "Okike, David"]
[Result "1-0"]
[WhiteElo "2427"]
[BlackElo "2252"]
[PlyCount "53"]
[EventDate "2020.04.21"]
[WhiteTeam "Battersea Horses"]
[BlackTeam "King's Head"]

1. d4 Nf6 2. Nc3 d5 3. Bf4 c5 4. e3 a6 5. Nf3 Nc6 6. Ne5 e6 7. Be2 Qb6 8. Nxc6
bxc6 9. Na4 Qa5+ 10. c3 cxd4 11. exd4 Be7 12. O-O O-O 13. b4 Qd8 14. Nc5 a5 15.
a3 Nd7 16. Bd3 Nxc5 17. bxc5 Ba6 18. Bxa6 Rxa6 19. Rb1 a4 20. Qd3 Qa5 21. Bc7
Qxc7 22. Qxa6 Bf6 23. f4 g5 24. Rb7 Qc8 25. Qa7 gxf4 26. Rxf4 Bg5 27. Rbxf7 1-0

[Event "4NCL Online Division 1"]
[Site "online"]
[Date "2020.04.21"]
[Round "3.103"]
[White "McMichael, Richard J"]
[Black "Baker, Chris W"]
[Result "0-1"]
[WhiteElo "2252"]
[BlackElo "2227"]
[PlyCount "86"]
[EventDate "2020.04.21"]
[WhiteTeam "King's Head"]
[BlackTeam "Battersea Horses"]

1. b3 d5 2. Bb2 c5 3. e3 Nc6 4. f4 Nf6 5. Nf3 g6 6. Bb5 Bg7 7. O-O O-O 8. Bxc6
bxc6 9. Qe2 Bg4 10. d3 a5 11. a4 Qb6 12. Nbd2 Rfd8 13. h3 Be6 14. Ne5 Ne8 15.
Rab1 Nd6 16. Kh2 Rac8 17. Ba3 f6 18. Nef3 Bf7 19. e4 Qa7 20. Qf2 Nb7 21. Rbe1
d4 22. e5 Bd5 23. Ne4 f5 24. Ned2 Rf8 25. h4 Nd8 26. h5 Ne6 27. hxg6 hxg6 28.
Qg3 Kf7 29. Ng5+ Nxg5 30. fxg5 Rh8+ 31. Kg1 Rh5 32. Ne4 Rg8 33. e6+ Bxe6 34.
Nxc5 Bd5 35. Re2 e5 36. Rfe1 Re8 37. b4 Qe7 38. Rf1 Rxg5 39. Qe1 Rh8 40. Ne4
Rgh5 41. Ng3 Rh2 42. Rf4 Qg5 43. Rf1 Qe3+ 0-1

[Event "4NCL Online Division 1"]
[Site "online"]
[Date "2020.04.21"]
[Round "3.104"]
[White "Bukojemski, Adam"]
[Black "Guthrie, David"]
[Result "1-0"]
[WhiteElo "2202"]
[BlackElo "2207"]
[PlyCount "57"]
[EventDate "2020.04.21"]
[WhiteTeam "Battersea Horses"]
[BlackTeam "King's Head"]

1. e4 e5 2. Nf3 Nc6 3. Bb5 a6 4. Ba4 Nf6 5. d3 d6 6. O-O g6 7. c3 b5 8. Bc2 Bg7
9. h3 O-O 10. Be3 d5 11. Qe2 Re8 12. Rd1 Bb7 13. a4 b4 14. a5 Qd6 15. Nbd2 h6
16. exd5 Nxd5 17. Ne4 Qd8 18. Nc5 Bc8 19. Ba4 Qd6 20. Nd2 Nxe3 21. Qxe3 f5 22.
Nc4 Qf6 23. Qf3 e4 24. Nxe4 Rxe4 25. dxe4 Bb7 26. e5 Qe6 27. Nd6 cxd6 28. Bxc6
Bxc6 29. Qxc6 1-0

[Event "4NCL Online Division 1"]
[Site "online"]
[Date "2020.04.21"]
[Round "3.111"]
[White "Cooper, Gavyn"]
[Black "Houska, Jovanka"]
[Result "1-0"]
[WhiteElo "2230"]
[BlackElo "2381"]
[PlyCount "193"]
[EventDate "2020.04.21"]
[WhiteTeam "Shropshire 1"]
[BlackTeam "Wood Green Monarchs"]

1. e4 c6 2. d4 d5 3. exd5 cxd5 4. Bd3 Nc6 5. c3 g6 6. Ne2 Bf5 7. O-O Nf6 8. Re1
e6 9. h3 Bd6 10. a4 h6 11. Be3 a6 12. Na3 Qc7 13. Rc1 Bxd3 14. Qxd3 Kf8 15. c4
dxc4 16. Nxc4 Nd5 17. Bd2 Kg7 18. Qe4 Rad8 19. g3 Qe7 20. Nc3 Qf6 21. Ne5 Ncb4
22. Qe2 Qe7 23. Ne4 Rc8 24. Nxd6 Rxc1 25. Rxc1 Qxd6 26. Qf3 Qe7 27. Rc4 a5 28.
Ng4 h5 29. Ne5 Rd8 30. Qe4 Qf6 31. Bxb4 axb4 32. Kg2 Ra8 33. b3 Qe7 34. Qc2 Rd8
35. Qe4 Nc3 36. Qf3 f6 37. Nd3 Nd5 38. Nc5 b6 39. Nd3 Qd6 40. Qe4 g5 41. Qe1 h4
42. Nxb4 hxg3 43. fxg3 Nxb4 44. Qxb4 Qd5+ 45. Kf2 Rd6 46. Qc3 Qf5+ 47. Qf3 Qxh3
48. Rc7+ Kg6 49. Qe4+ Qf5+ 50. Ke3 g4 51. Rc8 Rd5 52. Rg8+ Kf7 53. Rxg4 Qh5 54.
Rh4 Qg5+ 55. Qf4 b5 56. Qxg5 fxg5 57. Rh1 bxa4 58. bxa4 e5 59. dxe5 Rxe5+ 60.
Kd4 Ra5 61. Ra1 Ke6 62. Kc4 Kd6 63. Kb4 Ra8 64. a5 Rb8+ 65. Kc4 Ra8 66. a6 Ra7
67. Kb5 Kc7 68. Rc1+ Kb8 69. Rc6 Rg7 70. Kb6 g4 71. Rf6 Rb7+ 72. Ka5 Rg7 73.
Kb5 Ka7 74. Kc4 Re7 75. Rg6 Re4+ 76. Kd5 Re8 77. Rxg4 Kxa6 78. Rg7 Kb6 79. Kd6
Re1 80. g4 Rd1+ 81. Ke6 Kc6 82. g5 Re1+ 83. Kf6 Kd6 84. Rg8 Rf1+ 85. Kg7 Ke7
86. Ra8 Rh1 87. Ra7+ Ke8 88. Ra5 Re1 89. g6 Ke7 90. Rf5 Re2 91. Kh8 Rh2+ 92.
Kg8 Re2 93. Rf4 Re1 94. g7 Re2 95. Rh4 Rg2 96. Kh7 Kf6 97. g8=Q 1-0

[Event "4NCL Online Division 1"]
[Site "online"]
[Date "2020.04.21"]
[Round "3.112"]
[White "Taylor, Adam C"]
[Black "Zabrocki, Philip"]
[Result "1-0"]
[WhiteElo "2347"]
[BlackElo "1997"]
[PlyCount "89"]
[EventDate "2020.04.21"]
[WhiteTeam "Wood Green Monarchs"]
[BlackTeam "Shropshire 1"]

1. d4 Nf6 2. c4 g6 3. Nc3 Bg7 4. e4 d6 5. Be2 O-O 6. g4 c5 7. d5 a6 8. a4 e6 9.
g5 Ne8 10. Be3 exd5 11. exd5 f5 12. f4 Qe7 13. Qd2 Nc7 14. Nf3 Re8 15. Kf2 Nd7
16. h4 Rb8 17. h5 b6 18. Rh3 Nf8 19. Bd3 Bd7 20. hxg6 hxg6 21. Re1 Qd8 22. Kg3
b5 23. Reh1 Kf7 24. Bf2 b4 25. Nd1 a5 26. b3 Qc8 27. Qa2 Qd8 28. Be3 Rxe3 29.
Nxe3 Na8 30. Qb1 Qc8 31. Nh4 Bd4 32. Nexf5 Bxf5 33. Nxf5 gxf5 34. Bxf5 Qc7 35.
Be6+ Ke8 36. Qf5 Qg7 37. Rh7 Nxh7 38. Rxh7 Rb7 39. Rxg7 Bxg7 40. Qg6+ Kd8 41.
f5 Be5+ 42. Kg4 Rg7 43. Qh6 Nc7 44. f6 Nxe6 45. dxe6 1-0

[Event "4NCL Online Division 1"]
[Site "online"]
[Date "2020.04.21"]
[Round "3.113"]
[White "Gostelow, David W"]
[Black "Fitzsimons, David"]
[Result "0-1"]
[WhiteElo "1990"]
[BlackElo "2334"]
[PlyCount "84"]
[EventDate "2020.04.21"]
[WhiteTeam "Shropshire 1"]
[BlackTeam "Wood Green Monarchs"]

1. d4 Nf6 2. Bf4 c5 3. e3 Qb6 4. Na3 d6 5. Nc4 Qc7 6. a4 Be6 7. Na3 a6 8. Nf3
h6 9. h3 g6 10. Be2 Bg7 11. O-O O-O 12. c3 Nbd7 13. Re1 Rfe8 14. Bd3 Qb6 15.
Qd2 cxd4 16. exd4 Bd5 17. Re3 Qc6 18. c4 Bxf3 19. Rxf3 e5 20. Bxg6 fxg6 21.
Bxh6 Ne4 22. Qc1 exd4 23. Bxg7 Kxg7 24. Qd1 Ne5 25. Qxd4 Ng5 26. Rg3 Ne6 27.
Qh4 Qc5 28. Rd1 g5 29. Rd5 Ng6 30. Rgxg5 Nxg5 31. Qxg5 Re1+ 32. Kh2 Qxf2 33.
Rxd6 Qg1+ 34. Kg3 Qe3+ 35. Qxe3 Rxe3+ 36. Kf2 Rb3 37. Rd2 Rf8+ 38. Ke1 Nf4 39.
Kd1 Nd3 40. Nb1 Rf1+ 41. Kc2 Rxb2+ 42. Kxd3 Rfxb1 0-1

[Event "4NCL Online Division 1"]
[Site "online"]
[Date "2020.04.21"]
[Round "3.114"]
[White "Stepanyan, Henrik"]
[Black "Keady, Mark A"]
[Result "1-0"]
[WhiteElo "2237"]
[BlackElo "1952"]
[PlyCount "73"]
[EventDate "2020.04.21"]
[WhiteTeam "Wood Green Monarchs"]
[BlackTeam "Shropshire 1"]

1. d4 d5 2. c4 e6 3. Nf3 Nf6 4. g3 c6 5. Bg2 Nbd7 6. O-O dxc4 7. Qc2 Nb6 8.
Nbd2 g6 9. Nxc4 Nxc4 10. Qxc4 Bg7 11. Ne5 O-O 12. a4 Nd7 13. f4 Nb6 14. Qc5 Re8
15. a5 Bf8 16. Qc2 Nd5 17. e4 Nb4 18. Qc3 f6 19. Nc4 Na6 20. Be3 Bb4 21. Qb3
Qe7 22. Bf2 Kg7 23. Rad1 Rb8 24. g4 h6 25. g5 hxg5 26. fxg5 f5 27. Bg3 Ra8 28.
Be5+ Kf7 29. Qh3 Rg8 30. Bf6 Qf8 31. exf5 exf5 32. Ne5+ Ke6 33. Qb3+ Kd6 34. d5
Kc7 35. dxc6 bxc6 36. Nxc6 Bb7 37. Be5+ 1-0

[Event "4NCL Online Division 1"]
[Site "online"]
[Date "2020.04.21"]
[Round "3.121"]
[White "Mitchell, Martin"]
[Black "Moreby, James"]
[Result "1/2-1/2"]
[WhiteElo "2190"]
[BlackElo "2365"]
[PlyCount "114"]
[EventDate "2020.04.21"]
[WhiteTeam "Spirit of Atticus"]
[BlackTeam "Northumbria Vikings"]

1. d4 g6 2. c4 Bg7 3. Nc3 c5 4. d5 f5 5. e4 Bxc3+ 6. bxc3 fxe4 7. f3 Nf6 8.
fxe4 d6 9. Nf3 O-O 10. Bd3 Bg4 11. O-O Nbd7 12. Qe1 Bxf3 13. gxf3 Ne5 14. Be2
Nf7 15. Bd3 g5 16. f4 gxf4 17. Bxf4 Kh8 18. e5 dxe5 19. Bxe5 Nxe5 20. Qxe5 Qd6
21. Qxd6 exd6 22. Rae1 Nd7 23. Rxf8+ Rxf8 24. Re7 Ne5 25. Rxh7+ Kg8 26. Bb1 Rf3
27. Rxb7 a5 28. Ra7 Nxc4 29. Kg2 Rxc3 30. Bg6 Ra3 31. h4 Rxa2+ 32. Kg3 Ne5 33.
Bf5 Ra1 34. Kf4 Rg1 35. h5 Nf7 36. Be6 Rf1+ 37. Kg4 Kg7 38. Bxf7 Rxf7 39. Rxa5
Kf6 40. Kf4 Rb7 41. Ra4 Rb4+ 42. Rxb4 cxb4 43. Ke4 Kg5 44. Kd4 Kxh5 45. Kc4 Kg5
46. Kxb4 Kf4 47. Kc4 Ke4 48. Kc3 Kxd5 49. Kd3 Ke5 50. Ke3 d5 51. Kd3 d4 52. Kd2
Ke4 53. Ke2 d3+ 54. Kd2 Kd4 55. Kd1 Ke3 56. Ke1 d2+ 57. Kd1 Kd3 1/2-1/2

[Event "4NCL Online Division 1"]
[Site "online"]
[Date "2020.04.21"]
[Round "3.122"]
[White "Han, Yichen"]
[Black "Ellames, Roy"]
[Result "1/2-1/2"]
[WhiteElo "2357"]
[BlackElo "2041"]
[PlyCount "61"]
[EventDate "2020.04.21"]
[WhiteTeam "Northumbria Vikings"]
[BlackTeam "Spirit of Atticus"]

1. d4 d6 2. e4 Nf6 3. Nc3 g6 4. f4 Bg7 5. Nf3 O-O 6. Bd3 Na6 7. O-O c5 8. d5
Bg4 9. a3 Nc7 10. Qe1 Bxf3 11. Rxf3 e6 12. dxe6 fxe6 13. Bd2 d5 14. e5 Ng4 15.
b3 Nh6 16. Ne2 Qe7 17. Rh3 Rad8 18. Rd1 b5 19. Nc1 d4 20. Be4 Nd5 21. Nd3 Rf7
22. Bxd5 Rxd5 23. Qe4 Qc7 24. Rf1 a5 25. a4 c4 26. Nf2 c3 27. Bc1 bxa4 28. bxa4
Nf5 29. g4 Ne7 30. Nd3 Qc4 31. Ba3 1/2-1/2

[Event "4NCL Online Division 1"]
[Site "online"]
[Date "2020.04.21"]
[Round "3.123"]
[White "Ackley, Peter J E"]
[Black "Turner, Max N"]
[Result "1/2-1/2"]
[WhiteElo "2014"]
[BlackElo "2342"]
[PlyCount "51"]
[EventDate "2020.04.21"]
[WhiteTeam "Spirit of Atticus"]
[BlackTeam "Northumbria Vikings"]

1. c4 c6 2. Nf3 d5 3. g3 Nf6 4. Bg2 Bf5 5. cxd5 cxd5 6. Qb3 Nc6 7. Qxb7 Bd7 8.
Qb3 e5 9. d3 Rb8 10. Qd1 Bb4+ 11. Nfd2 e4 12. dxe4 dxe4 13. a3 e3 14. axb4
exd2+ 15. Bxd2 O-O 16. O-O Nxb4 17. Rxa7 Bf5 18. Bxb4 Rxb4 19. Qxd8 Rxd8 20.
Ra8 Rxa8 21. Bxa8 Rxb2 22. Nc3 Rc2 23. Nd5 Nxd5 24. Bxd5 Rxe2 25. Ra1 g6 26. h4
1/2-1/2

[Event "4NCL Online Division 1"]
[Site "online"]
[Date "2020.04.21"]
[Round "3.124"]
[White "Wall, Tim P"]
[Black "Buckley, Colm"]
[Result "1-0"]
[WhiteElo "2245"]
[BlackElo "1920"]
[PlyCount "45"]
[EventDate "2020.04.21"]
[WhiteTeam "Northumbria Vikings"]
[BlackTeam "Spirit of Atticus"]

1. e4 e6 2. d4 d5 3. exd5 exd5 4. Nf3 Nc6 5. Bb5 Bd6 6. c4 Bb4+ 7. Nc3 Bxc3+ 8.
bxc3 Nge7 9. O-O O-O 10. cxd5 Qxd5 11. c4 Qh5 12. d5 a6 13. Bxc6 bxc6 14. Ba3
Ng6 15. Bxf8 Kxf8 16. Nd4 Qg5 17. f4 Nxf4 18. Qf3 Bh3 19. Ne6+ fxe6 20. Qxf4+
Qxf4 21. Rxf4+ Bf5 22. g4 g5 23. Rf2 1-0

[Event "4NCL Online Division 1"]
[Site "online"]
[Date "2020.04.21"]
[Round "3.131"]
[White "Kalavannan, Koby"]
[Black "Redmond, John P"]
[Result "1/2-1/2"]
[WhiteElo "2324"]
[BlackElo "2327"]
[PlyCount "129"]
[EventDate "2020.04.21"]
[WhiteTeam "Surbiton 1"]
[BlackTeam "Atticus A"]

1. d4 Nf6 2. c4 e6 3. g3 d5 4. Bg2 dxc4 5. Qa4+ Nbd7 6. Nf3 a6 7. Qxc4 b5 8.
Qc2 Bb7 9. O-O c5 10. dxc5 Bxc5 11. Nc3 Rc8 12. a3 O-O 13. Bf4 Qb6 14. Rad1
Rfd8 15. e4 Be7 16. Qe2 h6 17. Ne5 Nc5 18. b4 Ncd7 19. Rc1 Nxe5 20. Bxe5 Rc4
21. Bxf6 Bxf6 22. Na4 Qc6 23. Nc5 Rxc1 24. Rxc1 Ba8 25. h4 Qd6 26. Rc2 Bd4 27.
Kh2 e5 28. Nb3 Bb6 29. Rd2 Qc7 30. Rxd8+ Qxd8 31. Qc2 Bb7 32. f3 Qd6 33. Nc5
Bc8 34. Bh3 Bxh3 35. Kxh3 a5 36. Qc3 axb4 37. axb4 h5 38. g4 hxg4+ 39. fxg4 Qd1
40. Qxe5 Qf3+ 41. Kh2 Qf2+ 42. Kh3 Qf3+ 43. Qg3 Qh1+ 44. Qh2 Qxh2+ 45. Kxh2
Bxc5 46. bxc5 Kf8 47. h5 b4 48. g5 b3 49. c6 Ke7 50. h6 gxh6 51. gxh6 b2 52. h7
b1=Q 53. h8=Q Qc2+ 54. Kg3 Qxc6 55. Qe5+ Qe6 56. Qc7+ Kf6 57. Qd8+ Kg7 58. Qg5+
Qg6 59. Kf4 Qxg5+ 60. Kxg5 f6+ 61. Kf4 Kg6 62. Kg4 Kg7 63. Kf5 Kf7 64. e5 fxe5
65. Kxe5 1/2-1/2

[Event "4NCL Online Division 1"]
[Site "online"]
[Date "2020.04.21"]
[Round "3.132"]
[White "Kennaugh, Charles W"]
[Black "Ratnesan, Ranesh"]
[Result "1-0"]
[WhiteElo "2249"]
[BlackElo "2258"]
[PlyCount "71"]
[EventDate "2020.04.21"]
[WhiteTeam "Atticus A"]
[BlackTeam "Surbiton 1"]

1. e4 c5 2. Nf3 g6 3. d4 cxd4 4. Nxd4 Bg7 5. c4 Nc6 6. Be3 Nf6 7. Nc3 Ng4 8.
Qxg4 Nxd4 9. Qd1 Ne6 10. Rc1 Qa5 11. Be2 b6 12. Qd5 Rb8 13. Qxa5 bxa5 14. b3 a6
15. O-O O-O 16. Nd5 Re8 17. Rfd1 d6 18. f3 Nc5 19. Bd2 a4 20. b4 Nd7 21. Be3
Bb7 22. c5 Ne5 23. Nc7 Rec8 24. Nxa6 Ra8 25. b5 Bxa6 26. bxa6 dxc5 27. Rxc5
Rxc5 28. Bxc5 Nc6 29. Bb5 Na7 30. Bxa4 Be5 31. Rd7 Nc8 32. a7 Nxa7 33. Rxa7 Rc8
34. Be3 Rc3 35. Kf2 Bc7 36. Ra8+ 1-0

[Event "4NCL Online Division 1"]
[Site "online"]
[Date "2020.04.21"]
[Round "3.133"]
[White "Josse, Mark"]
[Black "Kee, Steve"]
[Result "0-1"]
[WhiteElo "2235"]
[BlackElo "2155"]
[PlyCount "68"]
[EventDate "2020.04.21"]
[WhiteTeam "Surbiton 1"]
[BlackTeam "Atticus A"]

1. e4 c5 2. Nf3 d6 3. d4 cxd4 4. Nxd4 Nf6 5. Nc3 a6 6. f4 e5 7. Nf3 Nbd7 8. a4
Be7 9. Bd3 O-O 10. O-O exf4 11. Bxf4 Nc5 12. Kh1 Bg4 13. Qe1 Rc8 14. h3 Bh5 15.
Nd4 Bg6 16. Qe2 Re8 17. Qf3 Nxd3 18. cxd3 Qa5 19. Rfc1 Bf8 20. Bd2 Qe5 21. Qf2
d5 22. Bf4 Qh5 23. Nxd5 Nxd5 24. exd5 Qxd5 25. Nf3 Bxd3 26. Rd1 Qf5 27. Nh4 Qe4
28. Qg3 Be2 29. Rd2 Rc4 30. Bg5 h6 31. Bf6 Kh7 32. Rd7 Qe6 33. Rxb7 Qxf6 34.
Re1 Qxh4 {Time} 0-1

[Event "4NCL Online Division 1"]
[Site "online"]
[Date "2020.04.21"]
[Round "3.134"]
[White "James, David J"]
[Black "Seymour, Timothy P"]
[Result "1/2-1/2"]
[WhiteElo "2147"]
[BlackElo "2119"]
[PlyCount "76"]
[EventDate "2020.04.21"]
[WhiteTeam "Atticus A"]
[BlackTeam "Surbiton 1"]

1. d4 Nf6 2. Nf3 d5 3. c4 e6 4. Bg5 Bb4+ 5. Nc3 h6 6. Bxf6 Qxf6 7. Qa4+ Nc6 8.
e3 O-O 9. Be2 dxc4 10. Bxc4 e5 11. O-O exd4 12. exd4 Bd7 13. Nd5 Qd6 14. Nxb4
Nxb4 15. Qb3 Bc6 16. Ne5 Bd5 17. a3 b5 18. Bxd5 Nxd5 19. Rac1 a6 20. Rc6 Qd8
21. Nf3 Ne7 22. Rc5 c6 23. Re1 Qd6 24. Qe3 Nd5 25. Qe5 Rfd8 26. Qxd6 Rxd6 27.
g3 Rc8 28. Rec1 f6 29. a4 Ne7 30. axb5 axb5 31. Kf1 g5 32. h3 Kf7 33. Ke2 Ra8
34. Kd2 h5 35. Kc3 Ra6 36. Rd1 Ra4 37. b3 Ra2 38. Rd2 Ra1 1/2-1/2

[Event "4NCL Online Division 1"]
[Site "online"]
[Date "2020.04.21"]
[Round "3.141"]
[White "Chow, Samuel"]
[Black "Ophoff, Ja"]
[Result "1-0"]
[WhiteElo "2395"]
[BlackElo "2257"]
[PlyCount "95"]
[EventDate "2020.04.21"]
[WhiteTeam "Warwick University A"]
[BlackTeam "Dundee"]

1. c4 c6 2. d4 d5 3. Nf3 Nf6 4. Qc2 dxc4 5. Qxc4 Bg4 6. Ne5 Be6 7. Qa4 Nbd7 8.
Nxd7 Bxd7 9. Qb3 c5 10. dxc5 e6 11. Qxb7 Bxc5 12. Nc3 Rb8 13. Qa6 O-O 14. e3
Qc7 15. Be2 Rb6 16. Qd3 Rd8 17. O-O Bc6 18. Qc2 Bd6 19. h3 Be4 20. Qa4 Rb4 21.
Qa3 Ba8 22. f3 Nh5 23. Rd1 Bh2+ 24. Kf2 Qg3+ 25. Kf1 Rxd1+ 26. Bxd1 Qh4 27. Ne2
Bxf3 28. gxf3 Ng3+ 29. Nxg3 Qxh3+ 30. Ke2 Rb8 31. Qa5 Bxg3 32. Kd3 Rc8 33. Be2
Qh4 34. e4 Be1 35. Bg5 Qg3 36. Rxe1 Qd6+ 37. Ke3 f6 38. Rd1 Qe7 39. Bf4 e5 40.
Bg3 a6 41. Kf2 h5 42. Qxa6 Rc2 43. Qd3 Qa7+ 44. Qe3 Qxa2 45. Rd2 Rc8 46. b3 Qb1
47. Bc4+ Kh7 48. Qe1 1-0

[Event "4NCL Online Division 1"]
[Site "online"]
[Date "2020.04.21"]
[Round "3.142"]
[White "Findlay, David John"]
[Black "Daskalov, Dimitar"]
[Result "0-1"]
[WhiteElo "2177"]
[BlackElo "2365"]
[PlyCount "72"]
[EventDate "2020.04.21"]
[WhiteTeam "Dundee"]
[BlackTeam "Warwick University A"]

1. e4 e5 2. Nc3 Nf6 3. g3 d5 4. exd5 Nxd5 5. Bg2 Nxc3 6. bxc3 Bd6 7. Nf3 O-O 8.
O-O Nc6 9. d4 Bg4 10. Qd3 Qf6 11. d5 Nd8 12. Re1 h6 13. Nh4 b6 14. Re4 Bd7 15.
f4 exf4 16. Bxf4 g5 17. Bxd6 Qxd6 18. Nf3 Bf5 19. Nd4 Bxe4 20. Bxe4 Nb7 21. Nf5
Qf6 22. Rf1 Nc5 23. Qf3 Nxe4 24. Qxe4 Rae8 25. Qc4 Re5 26. Ne3 Qe7 27. Ng4 Re1
28. Nxh6+ Kh7 29. Nf5 Qc5+ 30. Qd4 Rfe8 31. Kg2 R8e2+ 32. Rf2 Rxf2+ 33. Kxf2
Ra1 34. d6 cxd6 35. Nxd6 Rxa2 36. Nxf7 Rxc2+ 0-1

[Event "4NCL Online Division 1"]
[Site "online"]
[Date "2020.04.21"]
[Round "3.143"]
[White "Moss, Guy"]
[Black "Shafi, Declan"]
[Result "1-0"]
[WhiteElo "2327"]
[BlackElo "2166"]
[PlyCount "105"]
[EventDate "2020.04.21"]
[WhiteTeam "Warwick University A"]
[BlackTeam "Dundee"]

1. e4 c5 2. Nf3 Nc6 3. d4 cxd4 4. Nxd4 Nf6 5. Nc3 e5 6. Ndb5 d6 7. Bg5 a6 8.
Na3 b5 9. Nd5 Be7 10. Bxf6 Bxf6 11. c3 Rb8 12. Nc2 Bg5 13. Bd3 O-O 14. h4 Bh6
15. g4 g5 16. h5 Ne7 17. Nce3 Nxd5 18. Nxd5 Be6 19. Bc2 Rc8 20. Bb3 a5 21. a3
Kh8 22. O-O Rc5 23. f3 Qa8 24. Qd2 f5 25. gxf5 Bxd5 26. Bxd5 Qe8 27. Qh2 Rxd5
28. exd5 Rxf5 29. Rae1 Qf7 30. Qh3 Rf4 31. Re4 g4 32. fxg4 Qa7+ 33. Kh1 Rxe4
34. g5 Qe7 35. Qc8+ Kg7 36. gxh6+ Kxh6 37. Qe6+ Qxe6 38. dxe6 Rh4+ 39. Kg2 Rg4+
40. Kf3 Rg7 41. Ke4 Kxh5 42. Kf5 Rg5+ 43. Kf6 Rg6+ 44. Kf7 Rxe6 45. Kxe6 Kg4
46. Kxd6 e4 47. Rg1+ Kf3 48. Rh1 e3 49. Rxh7 e2 50. Re7 Kf2 51. Kc5 e1=Q 52.
Rxe1 Kxe1 53. Kxb5 1-0

[Event "4NCL Online Division 1"]
[Site "online"]
[Date "2020.04.21"]
[Round "3.144"]
[White "Hogg, Stephen William"]
[Black "Mulay, Partha"]
[Result "1/2-1/2"]
[WhiteElo "2008"]
[BlackElo "2147"]
[PlyCount "169"]
[EventDate "2020.04.21"]
[WhiteTeam "Dundee"]
[BlackTeam "Warwick University A"]

1. d4 Nf6 2. c4 g6 3. Nc3 Bg7 4. e4 d6 5. f4 O-O 6. Nf3 c5 7. d5 e6 8. dxe6
fxe6 9. Bd3 Nc6 10. O-O Nd4 11. Ng5 e5 12. fxe5 dxe5 13. Nd5 h6 14. Nh3 Be6 15.
Nf2 Qd7 16. Be3 b5 17. Qd2 bxc4 18. Bxc4 Nxd5 19. exd5 Bxd5 20. Bxd5+ Qxd5 21.
Bxh6 Rf5 22. Rfe1 Rh5 23. Bg5 e4 24. Nxe4 Rxg5 25. Qxg5 Qxg5 26. Nxg5 Nc2 27.
Ne6 Bf6 28. Kf1 Nxa1 29. Rxa1 Bxb2 30. Rb1 Re8 31. Nxc5 Bd4 32. Nd3 Rc8 33. Rc1
Rf8+ 34. Ke2 Re8+ 35. Kd1 Re3 36. Ne1 Bc3 37. Nf3 a5 38. Rc2 Bb4 39. Re2 Rc3
40. h4 Kg7 41. Re6 Ra3 42. Re2 Rc3 43. Rc2 Re3 44. Rc4 Ra3 45. Rg4 Kf6 46. Rf4+
Kg7 47. Rg4 Kf6 48. Rf4+ Ke6 49. Rg4 Kf5 50. Rg5+ Kf6 51. Ne5 Rxa2 52. Nxg6 Rf2
53. Rg4 a4 54. h5 a3 55. Rxb4 a2 56. Ra4 Rf1+ 57. Ke2 a1=Q 58. Rxa1 Rxa1 59.
Nf4 Kg5 60. g3 Kg4 61. h6 Kxg3 62. h7 Rh1 63. Nd3 Rxh7 64. Ke3 Re7+ 65. Kd4 Re8
66. Ne5 Kf4 67. Nd3+ Kf5 68. Nf2 Re5 69. Nd3 Re4+ 70. Kd5 Ra4 71. Nc5 Ra5 72.
Kd4 Ra3 73. Nd3 Ra4+ 74. Kd5 Re4 75. Nc5 Re5+ 76. Kd4 Re7 77. Kd5 Re2 78. Kd4
Rd2+ 79. Nd3 Rd1 80. Ke3 Rh1 81. Kd4 Rh4+ 82. Kd5 Rh3 83. Kd4 Ke6 84. Nf4+ Kd6
85. Nxh3 1/2-1/2